000 00582nam a22001697a 4500
003 OSt
005 20251203103545.0
008 251203b |||||||| |||| 00| 0 eng d
040 _aDWCL-Main lib
_cOC
082 _aFil. 657.45 P557 2005
110 _aAuditing Standards and Practices Council
245 _aPhilippine Standards on auditing and Philippine auditing practice statements, vol. 3
_cAuditing Standards and Practices Council
260 _aManila :
_bDomDane Publishers,
_cc2005.
300 _a253 pages ;
_c25 cm.
650 _21. Auditing.
942 _2ddc
_cBK-FIL
_kFil.
_n0
999 _c6745
_d6745